000 00851nam a2200205 a 4500
008 200623s2019 ||||||||||||||||| || u
020 _a9781108424882
050 _aTA 342 Bel
100 _aBelegundu, Ashok D
245 1 0 _aOptimization concepts and applications in engineering. 3rd edition.
_cBy Ashok D. Belegundu ; Tirupathi R. Chandrupatla
250 _a3rd edition
260 _aCambridge
_bCambridge University Press
_c2019
300 _axi, 449 pages : illustrations
650 0 _aENGINEERING MATHEMATICS
650 _aENGINEERING DESIGN--MATHEMATICS
650 _aENGINEERING--MATHEMATICAL MODELS
650 _aENGINEERING MODELS
650 _aMATHEMATICAL OPTIMIZATION
995 _D124.04
_FCBU-MAIN LIBRARY (Kitwe)
_M1
_UAVAILABLE
_WJul 1, 2020
_ZMain Library Open Access Collection
999 _c52734
_d52734